000 00686nam a2200229Ia 4500
008 160319s9999 xx 000 0 und d
020 _a971-574-040-5
050 _aFIL LB 1584
050 _b.T43 2002 c.2
245 _aTeaching strategies in social science for elementary grades :
245 _bteaching strategies II /
245 _cEvelyn A. Songco… [et al]
250 _aRevised Edition
260 _aQuezon City:
260 _bKatha Pub. Co., Inc.,
260 _c2002
300 _a146 pages :
300 _billustrations ;
300 _c25 cm.
500 _aIncludes bibliographical references.
650 _aSocial sciences -- Study and teaching (Elementary).
999 _c291657
_d291657